LEADER 00946cam0 22002653 450 001 SOB017399 005 20210608104645.0 010 $a2247018831 100 $a20040211d1995 |||||ita|0103 ba 101 $afre 102 $aFR 200 1 $aCode Européen des affaires$fannotations de jurisprudence et bibliographie L. Vogel 210 $aParis$cDalloz$d1995 215 $a1 v.$d17 cm 702 1$aVogel, Louis$3AF00021711$4070 710 02$a*Unione Europea$3AF00024673$4070$0361259 801 0$aIT$bUNISOB$c20210608$gRICA 850 $aUNISOB 852 $aUNISOB$jFondo|Cofin|Cod$m110149 912 $aSOB017399 940 $aM 102 Monografia moderna SBN 941 $aM 957 $aFondo|Cofin|Cod$b000014$gCON$d110149$hCofin$racquisto$1bethb$2UNISOB$3UNISOB$420180619115023.0$520210608104240.0$6menle$fModalità di consultazione vedi homepage della Biblioteca link Fondi 996 $aCode Europeen des affaires$9666771 997 $aUNISOB LEADER 00523nam##22001217##450# 001 9910551741803321 010 $a9788878145382 100 $a########d########u##y0engy50####ba 105 0 $a########00### 200 1 $aArcheologia della vite e del vino in Toscana e nel Lazio : dalle tecniche dell'indagine archeologica alle prospettive della biologia molecolare / a cura di Andrea Ciacci, Paola Rendini, Andrea Zifferero. 912 $a9910551741803321 996 $aArcheologia della vite e del vino in Toscana e nel Lazio$92427111 997 $aUNINA